000 00903nam a22002297a 4500
003 GR-AtMCL
005 20260122144347.0
008 s20021997enkad sb 001 0 eng d
020 _z0749234113
040 _aGR-AtMCL
_bgre
_dGR-AtMCL
_eAACR2
245 0 4 _aThe sciences good study guide/
_cAndrew Northedge ... [et al.].
260 _aMilton Keynes :
_bOpen University,
_c2002.
300 _a410 p. :
_bill.;
_c24 cm
500 _aFirst published 1997.
500 _aReprinted 1997, 1998, 2000, 2002.
504 _aIncludes bibliographical references and index.
520 _aA guide which will help any student in the study of Science. Information on observations and experimenting, different modes of science writing and completing assignments, and importantly, on tackling examinations.
650 _aStudy skills
700 1 _aNorthedge, Andrew
_98269
942 _cBK
999 _c10073
_d10073